00322nam a2200121Ia 450000500170000000800410001708200140005810000190007224500400009126000450013130000100017665000140018620240821151819.0240821s9999||||xx |||||||||||||| ||und|| a370.1 KUM aKumriya, R. R. 0aNav Bharat ke naveen adhyapak (HIN) aJalandharbUniversities Publishersc1951 a108p. aEducation